Closest States to Pennsylvania Quiz Stats

 Plays Quiz Updated Sep 22, 2017

Challenge
Share
Tweet
Embed
Score 0/20 Timer 02:00
1 Play Today
Distance (mi) State % Correct
0New York
99.3%
0Ohio
95.8%
0New Jersey
94.7%
18Virginia
93.8%
0West Virginia
93.3%
0Maryland
92.6%
0Delaware
90.4%
113Vermont
88.2%
53Connecticut
87%
221Indiana
86%
Distance (mi) State % Correct
148Rhode Island
85.6%
147New Hampshire
85.4%
144Kentucky
85.1%
218North Carolina
84.4%
235Maine
83.5%
75Massachusetts
82.9%
226Tennessee
80.3%
114Michigan
78.8%
319South Carolina
76.6%
355Georgia
65.4%

You're not logged in!

Compare scores with friends on all Sporcle quizzes.
OR
Log In

You Might Also Like...

Show Comments

Extras

Top Quizzes Today


Score Distribution

Your Account Isn't Verified!

In order to create a playlist on Sporcle, you need to verify the email address you used during registration. Go to your Sporcle Settings to finish the process.

Report this User

Report this user for behavior that violates our Community Guidelines.

Details: